000 00553nam a22002057a 4500
003 NLp
005 20151028104944.0
008 130308t xxu||||| |||| 00| 0 eng d
020 _a9783822838143
050 _aND 553
_b.W278 2007
082 _aIB 709.2
100 _aWalther, Ingo F.
245 _aPablo picasso 1881-1973 :
_cEdited by Ingo F. Walther
_bpart I the works 1890-1936
260 _aAmerica :
_bTaschen GmbH,
_cc2007.
300 _a740 p. :
_c26 cm.
_bcol. ill. ;
562 _e1
650 _aArt
942 _2lcc
_cBK
999 _c2196
_d2196